El nuevo estado industrial /
Guardado en:
| Autor Principal: | |
|---|---|
| Formato: | Libro |
| Idioma: | Spanish English |
| Publicado: |
Madrid :
Ediciones Orbis,
1980, c1967.
|
| Edición: | 7a. ed. |
| Series: | Biblioteca de la empresa ;
11. |
| Materias: | |
| Etiquetas: |
Agregar Etiqueta
Sin Etiquetas, Sea el primero en etiquetar este registro!
|
| LEADER | 01067nam a22003255 4500 | ||
|---|---|---|---|
| 001 | EAD.ead002213 | ||
| 008 | 080718t19801967sp#######b####001#0#spa#d | ||
| 005 | 20150331112352.0 | ||
| 245 | 1 | 3 | |a El nuevo estado industrial / |c John Kenneth Galbraith. |
| 250 | |a 7a. ed. | ||
| 260 | |a Madrid : |b Ediciones Orbis, |c 1980, c1967. | ||
| 300 | |a 366 p. ; |c 22 cm. | ||
| 490 | 1 | |a Biblioteca de la empresa ; |v 11 | |
| 500 | |a Traducción de: The new industrial state. | ||
| 504 | |a Incluye referencias bibliográficas e índice. | ||
| 020 | |a 8485471342 | ||
| 100 | 1 | |a Galbraith, John Kenneth, |d 1908-2006. | |
| 830 | 0 | |a Biblioteca de la empresa ; |v 11. | |
| 082 | 0 | 4 | |a 338.09 |
| 653 | |a Política | ||
| 650 | 7 | |a Planificación industrial. |2 unbist | |
| 650 | 7 | |a Socialismo. |2 unbist | |
| 650 | 7 | |a Empleo. |2 unbist | |
| 650 | 7 | |a Desempleo. |2 unbist | |
| 650 | 7 | |a Sindicatos. |2 unbist | |
| 650 | 7 | |a Ideología. |2 unbist | |
| 650 | 7 | |a Estado. |2 isoc | |
| 650 | 7 | |a Educación. |2 unbist | |
| 041 | 1 | |a spa |h eng | |
| 859 | |a AR-BaBDC |b BIB. ADMINISTRACION GABCOOP - Libros |h 338.09 |i G131a7 |p g00871 | ||
